Celebrities With Their Dogs Quiz Stats

Quiz Updated Sep 16, 2015

Also try: Men With Cats
Challenge
Share
Tweet
Score 0/20 Timer 05:00
0 Plays Today
% Correct
Bill Clinton & Buddy
97.7%
Marilyn Monroe & Maf
95.3%
George Clooney & Einstein
92.4%
P!nk & Elvis
92.3%
Adam Sandler & Matzo Ball
89%
Paris Hilton & Tinkerbell
88.8%
Paul McCartney & Martha
87.9%
Ronald Reagan & Rex
83.2%
Audrey Hepburn & Mr. Famous
77.8%
Alfred Hitchcock & Sarah
75.9%
% Correct
Jessica Alba, Sid & Nancy
71.9%
Zooey Deschanel, Dot & Zelda
70.5%
Adele & Louie
67.3%
Demi Moore & Vida Blue
67%
Katy Perry & Butters
65.4%
50 Cent & Oprah Winfree
64.9%
Hugh Jackman & Mochi
63.6%
Frank Sinatra & Ringo
60.4%
Matthew McConaughey & Foxy
59.1%
Winston Churchill & Rufus
57.6%

You're not logged in!

Compare scores with friends on all Sporcle quizzes.
Sign Up with Email
OR
Log In

You Might Also Like...

Show Comments

Extras

Top Quizzes Today


Score Distribution

Your Account Isn't Verified!

In order to create a playlist on Sporcle, you need to verify the email address you used during registration. Go to your Sporcle Settings to finish the process.